LEADER 00990nam a2200217 i 4500 001 000000243890 003 CaOOAMICUS 005 20150723000000.0 008 150723s1708 it u000 u fre u 013 $a222795 026 $a4.ur 8.a- e-ui "c"s (3) 1708 (R) 040 $aSeMil$bita 245 10$aTome 2. 300 $a[28], 643, [27] p. 500 $aFregio xilogr. sul front. - Segn. : a-c4 d2 A-2R8 2S-2X4. 773 0 $aHonoré : de Sainte-Marie <1651-1729>$tTradition des pères et des auteurs ecclésiastiques sur la contemplation. Où l'on explique ce qui regarde le dogme & la pratique de ce saint exercice. Par le R. P. Honoré de Sainte Marie ... Tome 1. [-3.].$dA Paris : Chez Jean de Nully, ruë Saint Jacques, à l'Image Saint Pierre, 1708.$g2$w()32258 850 $aSeMil 852 $aSeMil$W1$xVenegono$y1$m3F III 260 FA$j194236$B194236$CSeMilBibl$Z2$F204841 $8I 941 1 $a10 961 $aRecupero: Mantegazza 996 $6245$aTome 2$9(OLS)http://semarc/title/1533 LEADER 01665nas a2200277 i 4500 001 000000252754 003 CaOOAMICUS 005 20170227000000.0 008 170202b2016 it uu u0 0ita r 013 $a231659 020 $a978-88-00-88082-4 040 $aSeMil$bita 245 10$aBargellini-Spadolini :$bi mesi dell'alluvione ; Spadolini : Pirandello e «Nuova Antologia» ; Governare il vuoto : Giovannetti, Morlino, Rogari, Cheli, Morisi, Amato ; Maurizio Naldini : una compagna di viaggio, la paura ; Per Carlo Azeglio Ciampi. 260 $aFirenze :$bLe Monnier,$c2016 (stampa 2017) 260 $aFirenze :$bFondazione Spadolini Nuova Antologia,$c2016 (stampa 2017) 300 $a399 p. ;$c24 cm. 500 $aTitoli principali dalla copertina. - Contiene : Scritti di Carlo Azeglio Ciampi in «Nuova Antologia». 773 0 $tNuova Antologia.$dRoma : [s.n.] $x0029-6147$w()2541 774 0 $t[vedi periodico].$w()290323 850 $aSeMil 852 $aSeMil$W1$xVenegono$y1$m177 5 83$j203100$B203100$CSeMilBibl$Z2$F216270 $85 961 $aOmaggio: Ministero per i Beni e le Attività Culturali 996 $6020$a978-88-00-88082-4$9(OLS)http://semarc/number/275185 996 $6245$aBargellini-Spadolini :$bi mesi dell'alluvione ; Spadolini : Pirandello e «Nuova Antologia» ; Governare il vuoto : Giovannetti, Morlino, Rogari, Cheli, Morisi, Amato ; Maurizio Naldini : una compagna di viaggio, la paura ; Per Carlo Azeglio Ciampi$9(OLS)http://semarc/title/410149 996 $6260$aFirenze :$bFondazione Spadolini Nuova Antologia$9(OLS)http://semarc/publisher/44372 996 $6260$aFirenze :$bLe Monnier$9(OLS)http://semarc/publisher/30060